LIBRARY & INFORMATION CENTRE, KCAET, TAVANUR

ONLINE PUBLIC ACCESS CATALOGUE (OPAC)

Complex analysis / (Record no. 5332)

MARC details
000 -LEADER
fixed length control field 00453cam a2200181ua 4500
020 ## - INTERNATIONAL STANDARD BOOK NUMBER
ISBN 81-7023-465-4
041 ## - LANGUAGE CODE
Language code of text/sound track or separate title eng
082 ## - DEWEY DECIMAL CLASSIFICATION NUMBER
Classification number 515.9
Item number MOO/CO
100 ## - MAIN ENTRY--AUTHOR NAME
Personal name Moore, Theral O .
245 ## - TITLE STATEMENT
Title Complex analysis /
250 ## - EDITION STATEMENT
Edition statement 1 /
260 ## - PUBLICATION, DISTRIBUTION, ETC. (IMPRINT)
Place of publication Mumbai :
Name of publisher Allied Publishers Pvt Ltd ,
Year of publication 1991.
300 ## - PHYSICAL DESCRIPTION
Number of Pages 391 ; .
700 1# - ADDED ENTRY--PERSONAL NAME
Personal name Hadlock , Edwin H .
942 ## - ADDED ENTRY ELEMENTS (KOHA)
Koha item type Books
Holdings
Withdrawn status Lost status Damaged status Home library Current library Date acquired Full call number Accession Number Koha item type
      KAUAET KAUAET 07/04/2012 515.9 20177 Books
free website counter